Analýza rozsáhlých úloh vícekriteriálního hodnocení variant.

Stručný prehľad dvoch základných prístupov pre analýzu rozsiahlych úloh viackriteriálneho hodnotenia variantov (VHV) patriacich k rozhodovacím úlohám s definovaným veľkým počtom variantov a kritérií (napr. pri vyhodnocovaní privatizačných projektov). Prístupy založené na ašpiračných úrovniach kritér...

Descrizione completa

Salvato in:
Dettagli Bibliografici
Autore principale: Jablonský, Josef
Natura: Capitolo di libro
Lingua:ceco
Soggetti:
Tags: Aggiungi Tag
Nessun Tag, puoi essere il primo ad aggiungerne!!

MARC

LEADER 00000naa a2200000 4500
001 r013151
005 20221214064703.6
041 0 |a cze 
044 |a CZ 
245 1 0 |a Analýza rozsáhlých úloh vícekriteriálního hodnocení variant.  |c J. Jablonský 
520 |a Stručný prehľad dvoch základných prístupov pre analýzu rozsiahlych úloh viackriteriálneho hodnotenia variantov (VHV) patriacich k rozhodovacím úlohám s definovaným veľkým počtom variantov a kritérií (napr. pri vyhodnocovaní privatizačných projektov). Prístupy založené na ašpiračných úrovniach kritérií (AIM - Aspiration-based Interactive Method), software. Hierarchické rozhodovacie procesy. Metóda AHP - Analytic Hierarchy Process - Saatyho metóda. 
610 2 0 |a rozhodovanie 
610 2 0 |a štatistika matematická 
610 2 0 |a AIM 
610 2 0 |a AHP 
610 2 0 |a softvér 
100 1 |a Jablonský, Josef